[Event "AUTO-INT-3924"]
[Site "http://www.queenalice.com/game.php?id=1873787"]
[Date "2026.5.21"]
[Round "2"]
[White "caradepau"]
[Black "Jomaley"]
[Result "1-0"]
[WhiteElo "1601"]
[BlackElo "1533"]

1. e4 e5 2. Bc4 Nh6 3. d3 g5 4. h3 d6 5. Nf3 Be7 6. Nc3 a6 7. Nd5 b5 8. Nxe7
Qxe7 9. Bd5 c6 10. Bb3 Be6 11. Bxe6 Qxe6 12. Bxg5 Nd7 13. Qd2 d5 14. Bxh6 dxe4
15. dxe4 O-O-O 16. a3 Nb6 17. Qa5 Kb7 18. Be3 Rd4 19. Bxd4 exd4 20. O-O Qxe4 21.
Qd2 c5 22. Rfe1 Qc6 23. Re7+ Kc8 24. Rxf7 h6 25. Qa5 Nc4 26. Qe1 Nxb2 27. Ne5
Qd6 28. Ra7 Rd8 29. Nf7 Qf6 30. Nxd8 Kxd8 31. Qa5+ Ke8 32. Re1+ Kf8 33. Qxa6
Qxa6 34. Rxa6 1-0

[Event "AUTO-INT-3924"]
[Site "http://www.queenalice.com/game.php?id=1873788"]
[Date "2026.5.21"]
[Round "2"]
[White "Jomaley"]
[Black "renet54"]
[Result "0-1"]
[WhiteElo "1611"]
[BlackElo "1619"]

1. d4 d5 2. e3 Nf6 3. h3 e6 4. Bb5+ c6 5. Bd3 Bd6 6. Nc3 O-O 7. g4 Re8 8. g5 e5
9. dxe5 Bxe5 10. gxf6 Qxf6 11. Na4 Nd7 12. c4 d4 13. e4 Nf8 14. Nf3 Ng6 15. Nxe5
Qxe5 16. Qf3 Bd7 17. h4 c5 18. b3 Nf4 19. Nxc5 Nxd3+ 20. Nxd3 Qxe4+ 21. Qxe4
Rxe4+ 22. Kf1 f5 23. Nc5 Re7 24. Nxb7 Bc6 25. Bg5 Rxb7 26. Rh3 Re8 27. h5 Be4
28. h6 d3 29. hxg7 Rxg7 30. Bf6 Rg6 31. Bd4 d2 32. Bxa7 Bg2+ 33. Kg1 Bxh3+ 34.
Kh2 Re2 35. Rd1 Bg4 36. Kg3 Re4 37. Rxd2 Bd1+ 38. Kh3 Rh6+ 39. Kg2 Rg4+ 40. Kf1
Rh1# 0-1

[Event "AUTO-INT-3970"]
[Site "http://www.queenalice.com/game.php?id=1874016"]
[Date "2026.5.29"]
[Round "1"]
[White "renet54"]
[Black "Jomaley"]
[Result "0-1"]
[WhiteElo "1617"]
[BlackElo "1613"]

1. d4 d5 2. Nf3 f6 3. Bf4 Na6 4. e3 Bg4 5. Nc3 Bxf3 6. Qxf3 e6 7. Bxa6 bxa6 8.
O-O-O Bb4 9. e4 dxe4 10. Qxe4 Qd7 11. d5 f5 12. dxe6 fxe4 13. exd7+ Kd8 14. Bg5+
Ne7 15. Nxe4 h6 16. Bxe7+ Bxe7 17. Rd3 Rf8 18. f3 a5 19. Rhd1 a4 20. Nc5 Bxc5
21. Rd5 Be3+ 22. Kb1 c6 23. Rd6 c5 24. R6d3 Bf4 25. Rd5 c4 26. R5d4 Bxh2 27.
Rxc4 Rf7 28. Re4 Rxd7 29. Rxd7+ Kxd7 30. Rxa4 g5 31. Rd4+ Ke6 32. c3 a5 33. Re4+
Kf5 0-1

[Event "AUTO-INT-3970"]
[Site "http://www.queenalice.com/game.php?id=1874017"]
[Date "2026.5.29"]
[Round "1"]
[White "Jomaley"]
[Black "renet54"]
[Result "1-0"]
[WhiteElo "1595"]
[BlackElo "1635"]

1. e4 e5 2. d3 Nc6 3. h4 d6 4. Bg5 f6 5. Be3 Be6 6. g4 Qd7 7. f3 O-O-O 8. c4 Nh6
9. Qa4 Be7 10. Bxa7 Nxa7 11. Qxa7 c5 12. Nc3 Nxg4 13. fxg4 Bxg4 14. Nb5 Qc6 15.
Qa8+ Kd7 16. Qa4 Ke8 17. h5 h6 18. b3 Qd7 19. b4 f5 20. exf5 Qxf5 21. Nxd6+ Kf8
22. Nxf5 Bxf5 23. bxc5 Bxc5 24. Nf3 Bxd3 25. Bxd3 Rxd3 26. Nxe5 Re3+ 27. Kd2
Rxe5 28. Qa8+ Re8 29. Rhf1+ 1-0